| 000 | 00898nmc a2200301 a 4500 | ||
|---|---|---|---|
| 003 | AR-BaBNM | ||
| 005 | 20251128204221.0 | ||
| 008 | 011101s1994 ||||||||||||||000 | spa|| | ||
| 020 | _a9978-80-245-2 | ||
| 040 | _cAR-BaBNM | ||
| 100 | 1 | _aTorres, Rosa María | |
| 245 | 1 | 0 |
_a¿Qué (y cómo) es necesario aprender? _b; Necesidades básicas de aprendizaje y contenidos curriculares |
| 260 |
_aQuito _bInstituto Fronesis _bLibresa _c1994 |
||
| 300 | 0 | _a128 p. | |
| 490 | 0 |
_aEducación _vv. 7 |
|
| 650 | 4 | _aCURRICULO | |
| 650 | 4 | _aAPRENDIZAJE | |
| 650 | 4 | _aREFORMA DE LA EDUCACION | |
| 650 | 4 | _aNECESIDADES BASICAS | |
| 650 | 4 | _aPLANIFICACION DE LA EDUCACION | |
| 650 | 4 | _aMETODOS DE ENSENANZA | |
| 650 | 4 | _aMEDIOS DE ENSENANZA | |
| 650 | 4 | _aCALIDAD DE LA ENSENANZA | |
| 653 | 0 | _aCONTENIDOS CURRICULARES | |
| 800 | 1 |
_aTorres, Rosa María _edirector |
|
| 942 | _cBK | ||
| 998 | _cCarmen | ||
| 999 |
_c6618 _d6618 |
||